Projektovanie výrobných dispozícií s podporou rozšírenej reality
Problematika využitia technológií rozšírenej reality pri projektovaní výrobných dispozícií. Rozšírená realita ako pomerne nová technológia a jej uplatnenie v oblastiach priemyslu. Aplikácia technológie rozšírenej reality.
Salvato in:
| Autore principale: | |
|---|---|
| Natura: | Capitolo di libro |
| Lingua: | slovacco |
| Soggetti: | |
| Tags: |
Nessun Tag, puoi essere il primo ad aggiungerne!!
|
MARC
| LEADER | 00000naa a2200000 4500 | ||
|---|---|---|---|
| 001 | 0144662 | ||
| 005 | 20231129134134.1 | ||
| 041 | 0 | |a slo | |
| 044 | |a SK | ||
| 245 | 1 | 0 | |a Projektovanie výrobných dispozícií s podporou rozšírenej reality |c Martin Krajčovič |
| 520 | |a Problematika využitia technológií rozšírenej reality pri projektovaní výrobných dispozícií. Rozšírená realita ako pomerne nová technológia a jej uplatnenie v oblastiach priemyslu. Aplikácia technológie rozšírenej reality. | ||
| 610 | 2 | 0 | |a technológie informačné |
| 610 | 2 | 0 | |a technológie komunikačné |
| 610 | 2 | 0 | |a systémy výrobné |
| 610 | 2 | 0 | |a systémy informačné logistické |
| 610 | 2 | 0 | |a spracovanie dát |
| 610 | 2 | 0 | |a inžinierstvo softvérové |
| 610 | 2 | 0 | |a grafika počítačová |
| 610 | 2 | 0 | |a realita virtuálna |
| 100 | 1 | |a Krajčovič, Martin | |